Περί αποδοχών των δημοσίων πολιτικών υπαλλήλων : μισθοί, επιδόματα, πρόσθετοι αμοιβαί, οδοιπορικά, αποζημιώσεις, άδειαι, νοσήλια κλπ., νόμοι, διατάγματα, εγκύκλιοι, ερμηνευτικαί σημειώσεις
Saved in:
| Main Author: | |
|---|---|
| Other Authors: | |
| Format: | Book |
| Language: | Greek |
| Published: |
Εν Αθήναις :
Τύποις Αθανασίου Α. Παπασπύρου,
1935.
|
| Series: | Υπαλληλικοί κώδικες ;
1 |
| Subjects: | |
| Tags: |
Add Tag
No Tags, Be the first to tag this record!
|
MARC
| LEADER | 00000cam a2200000 i 4500 | ||
|---|---|---|---|
| 001 | 1/35969 | ||
| 008 | 130830s1935 gr | ||| |||| ||gre|| | ||
| 035 | |l 10115553 | ||
| 040 | |a GR-MyUA |b gre |e AACR2 | ||
| 041 | 0 | |a gre | |
| 082 | 0 | |a 342.495 |2 (22) | |
| 100 | 1 | |a Σακελλαρίου, Π. Α. | |
| 245 | 1 | 0 | |a Περί αποδοχών των δημοσίων πολιτικών υπαλλήλων : |b μισθοί, επιδόματα, πρόσθετοι αμοιβαί, οδοιπορικά, αποζημιώσεις, άδειαι, νοσήλια κλπ., νόμοι, διατάγματα, εγκύκλιοι, ερμηνευτικαί σημειώσεις / |c υπό Α. Σακελλαρίου, Δ.Κ. Δρομάζου. |
| 260 | |a Εν Αθήναις : |b Τύποις Αθανασίου Α. Παπασπύρου, |c 1935. | ||
| 300 | |a δ', 232 σ. ; |c 25 εκ. | ||
| 490 | 1 | |a (Υπαλληλικοί κώδικες |v ; 1) | |
| 500 | |a Στο εξώφυλλο και τη σ.τ. σφραγίδα "Ελληνική Δημοκρατία Δημόσια Εμπορική Σχολή Σάμου εν Καρλοβασιω". | ||
| 650 | 0 | 0 | |a Administrative law |z Greece. |
| 700 | 1 | |a Δρομάζος, Δ. Κ. | |
| 830 | 0 | |a Υπαλληλικοί κώδικες ; |v 1 | |
| 852 | |a INST |b SAMOS |c PORFYRIADA |e 20130830 |h 342.495 ΣΑΚ |p 005300040491 |q 005300040491 |t NOLOAN |y 23 | ||
| 901 | |a BIBL3-2013-2 | ||
| 909 | |a Σ |b 178700 | ||
| 970 | |a ΚΟΣΙΕΡΗΣ |b ΧΡΗΣΤΟΣ |z 2013/08/30 | ||